[Event "SVK-ch Amateurs"]
[Site "Liptovsky Jan"]
[Date "2023.06.16"]
[Round "3"]
[White "Stevik, Patrik1111"]
[Black "Bombek, Peter"]
[Result "1/2-1/2"]
[WhiteElo "2275"]
[BlackElo "2101"]
[PlyCount "95"]
[EventDate "2023.06.15"]
[EventType "swiss"]
[EventRounds "8"]
[EventCountry "SVK"]
[SourceTitle "CBM 214 Extra"]
[Source "ChessBase"]
[SourceDate "2023.07.31"]
[SourceVersion "1"]
[SourceVersionDate "2023.07.31"]
[SourceQuality "1"]

1. d4 d5 2. c4 e6 3. Nf3 Nf6 4. Bg5 Be7 5. e3 h6 6. Bf4 b6 7. Nc3 Bb7 8. Rc1 0-0 9. Be2 dxc4 10. Bxc4 c5 11. 0-0 Nc6 12. dxc5 Bxc5 13. Qe2 Qe7 14. a3 Rfd8 15. b4 Bd6 16. Bxd6 Qxd6 17. Rfd1 Qe7 18. e4 Rxd1+ 19. Rxd1 Rd8 20. h3 Rxd1+ 21. Qxd1 a5 22. b5 Nb8 23. Ne5 Nbd7 24. Nxd7 Qxd7 25. Qxd7 Nxd7 26. f3 Nc5 27. Kf2 Kf8 28. Ke3 Ke7 29. g3 Kd6 30. f4 f6 31. Kd4 e5+ 32. Ke3 Ba8 33. f5 Bb7 34. g4 Kd7 35. Bd5 Kd6 36. Bxb7 Nxb7 37. Na4 Kc7 38. Kd3 Nd6 39. Nc3 Kd7 40. h4 Nb7 41. Nd5 Nc5+ 42. Kc4 Na4 43. Nc3 Nc5 44. Nd5 Na4 45. Kb3 Nc5+ 46. Kc4 Na4 47. Nc3 Nc5 48. Nd5 1/2-1/2

[Event "CZE-ch Amateur"]
[Site "Hluk"]
[Date "2023.05.10"]
[Round "8"]
[White "Bombek, Peter"]
[Black "Hrbacek, Miroslav"]
[Result "0-1"]
[WhiteElo "2154"]
[BlackElo "1857"]
[PlyCount "96"]
[EventDate "2023.05.06"]
[EventType "swiss"]
[EventRounds "9"]
[EventCountry "CZE"]
[SourceTitle "CBM 214 Extra"]
[Source "ChessBase"]
[SourceDate "2023.07.31"]
[SourceVersion "1"]
[SourceVersionDate "2023.07.31"]
[SourceQuality "1"]

1. d4 d5 2. c4 e6 3. Nc3 Nf6 4. cxd5 exd5 5. Bg5 c6 6. e3 Bd6 7. Qc2 Bg4 8. Bd3 Nbd7 9. f3 Bh5 10. Nge2 Bg6 11. 0-0 Qc7 12. Bf4 Bxd3 13. Qxd3 0-0 14. Rac1 Bxf4 15. Nxf4 Qb6 16. Na4 Qb4 17. b3 Rfe8 18. Kf2 Rad8 19. Rfe1 Qd6 20. h4 h6 21. g4 g5 22. hxg5 hxg5 23. Ng2 Qe6 24. Rh1 Kg7 25. Rh3 Rh8 26. Rch1 Rxh3 27. Rxh3 Rh8 28. Rxh8 Kxh8 29. b4 Kg7 30. Nc5 Nxc5 31. bxc5 Nd7 32. Qa3 b6 33. Qxa7 bxc5 34. dxc5 Ne5 35. Qa3 Qf6 36. Ne1 Nxg4+ 37. Ke2 Nh2 38. Qb4 Qf5 39. Qb8 Qh3 40. Qe5+ Kg6 41. e4 Qf1+ 42. Kd1 Qxe1+ 43. Kxe1 Nxf3+ 44. Kf1 Nxe5 45. a4 Nd7 46. exd5 cxd5 47. c6 Nb6 48. c7 Nc8 0-1

[Event "SVK-chT1W 2223"]
[Site "Slovakia"]
[Date "2023.03.12"]
[Round "11.4"]
[White "Bombek, Peter"]
[Black "Dudas, Jan"]
[Result "1-0"]
[WhiteElo "2127"]
[BlackElo "2192"]
[PlyCount "115"]
[EventDate "2022.10.15"]
[EventType "team-tourn"]
[EventRounds "11"]
[EventCountry "SVK"]
[SourceTitle "EXT 2024"]
[Source "ChessBase"]
[SourceDate "2023.10.10"]
[SourceVersion "1"]
[SourceVersionDate "2023.10.10"]
[SourceQuality "1"]
[WhiteTeam "Dubnica nad Vahom II"]
[BlackTeam "Bratislava Lokomotiva"]
[WhiteTeamCountry "SVK"]
[BlackTeamCountry "SVK"]

1. d4 Nf6 2. c4 g6 3. Nc3 d5 4. cxd5 Nxd5 5. Bd2 Bg7 6. e4 Nb6 7. Be3 Nc6 8. d5 Ne5 9. Nf3 Bg4 10. Bb5+ c6 11. dxc6 bxc6 12. Qxd8+ Rxd8 13. Nxe5 Bxe5 14. Bxc6+ Bd7 15. Bxd7+ Rxd7 16. Rd1 Nc4 17. Bc1 Rb7 18. Rd5 e6 19. Rc5 Rc7 20. Rxc7 Bxc7 21. b3 Ba5 22. bxc4 Bxc3+ 23. Ke2 Kd7 24. Bf4 e5 25. Be3 Rb8 26. Kd3 Bd4 27. Bxd4 exd4 28. f4 Rb2 29. g4 Kc6 30. Kxd4 Rxa2 31. h4 a5 32. h5 Rf2 33. hxg6 hxg6 34. f5 gxf5 35. Rh6+ Kb7 36. gxf5 a4 37. Rf6 Rd2+ 38. Kc5 Rd7 39. Rb6+ Ka7 40. Rb4 Re7 41. Rxa4+ Kb7 42. Kd5 Rd7+ 43. Ke5 Re7+ 44. Kf6 Rxe4 45. Kxf7 Kc7 46. f6 Kd7 47. Ra3 Rg4 48. Rd3+ Kc7 49. c5 Rg5 50. Kf8 Rg2 51. Rd4 Rg1 52. f7 Rg2 53. Ke7 Re2+ 54. Kf6 Rf2+ 55. Ke6 Rf1 56. Rd5 Rf2 57. Rf5 Re2+ 58. Kf6 1-0

[Event "SVK-chT1W 2223"]
[Site "Slovakia"]
[Date "2023.02.04"]
[Round "8.3"]
[White "Bombek, Peter"]
[Black "Kalisky, Vladimir"]
[Result "1/2-1/2"]
[WhiteElo "2127"]
[BlackElo "2116"]
[PlyCount "107"]
[EventDate "2022.10.15"]
[EventType "team-tourn"]
[EventRounds "11"]
[EventCountry "SVK"]
[SourceTitle "EXT 2024"]
[Source "ChessBase"]
[SourceDate "2023.10.10"]
[SourceVersion "1"]
[SourceVersionDate "2023.10.10"]
[SourceQuality "1"]
[WhiteTeam "Dubnica nad Vahom II"]
[BlackTeam "Nitra NSK"]
[WhiteTeamCountry "SVK"]
[BlackTeamCountry "SVK"]

1. e4 e5 2. Nf3 Nc6 3. Nc3 Nf6 4. d4 exd4 5. Nxd4 Bb4 6. Nxc6 bxc6 7. Bd3 d5 8. exd5 cxd5 9. 0-0 0-0 10. h3 c6 11. Qf3 Re8 12. Bf4 a5 13. Rad1 a4 14. Ne2 a3 15. b3 Qa5 16. c3 Bf8 17. Ng3 g6 18. c4 Bg7 19. Bd2 Qa7 20. Bg5 Nd7 21. cxd5 Ne5 22. Qe2 cxd5 23. Bb5 Re6 24. Rxd5 Bb7 25. Be3 Bxd5 26. Bxa7 Nf3+ 27. gxf3 Rxe2 28. Bxe2 Rxa7 29. Bc4 Bxc4 30. bxc4 Bb2 31. Ne4 Kf8 32. Rd1 Rc7 33. Nd6 Ke7 34. Rd3 Ke6 35. Nb5 Rxc4 36. Nxa3 Ra4 37. Nb1 Rc4 38. Nd2 Rc1+ 39. Kg2 f5 40. Nb3 Rc4 41. Rd2 Be5 42. a4 Rc3 43. Nd4+ Bxd4 44. Rxd4 Ra3 45. Rb4 Kf6 46. h4 Kg7 47. Rb7+ Kh6 48. Ra7 g5 49. hxg5+ Kxg5 50. a5 Kf4 51. a6 h5 52. Ra8 h4 53. Rh8 Rxa6 54. Rxh4+ 1/2-1/2

[Event "CZE-chT2F 2223"]
[Site "Czech Republic"]
[Date "2023.01.22"]
[Round "7"]
[White "Bombek, Peter"]
[Black "Slanina, Miroslav"]
[Result "1-0"]
[WhiteElo "2133"]
[BlackElo "2138"]
[PlyCount "69"]
[EventDate "2022.10.16"]
[EventType "team-tourn"]
[EventRounds "11"]
[EventCountry "CZE"]
[SourceTitle "EXT 2024"]
[Source "ChessBase"]
[SourceDate "2023.10.10"]
[SourceVersion "1"]
[SourceVersionDate "2023.10.10"]
[SourceQuality "1"]
[WhiteTeam "Zlin"]
[BlackTeam "Dobra Sokol"]
[WhiteTeamCountry "CZE"]
[BlackTeamCountry "CZE"]

1. e4 c6 2. d4 d5 3. exd5 cxd5 4. c4 Nf6 5. Nc3 Nc6 6. Nf3 Bg4 7. cxd5 Nxd5 8. Qb3 Bxf3 9. gxf3 e6 10. Qxb7 Nxd4 11. Bb5+ Nxb5 12. Qc6+ Ke7 13. Qxb5 Qd7 14. Nxd5+ Qxd5 15. Qxd5 exd5 16. Bf4 Ke6 17. Kd2 Kf5 18. Bg3 Be7 19. Kd3 Bf6 20. Rac1 Rac8 21. b4 Bg5 22. Rc5 Rxc5 23. bxc5 Rc8 24. Kd4 Be7 25. Rc1 Ke6 26. c6 Bf6+ 27. Kc5 Be7+ 28. Kb5 g5 29. Re1+ Kf6 30. c7 h5 31. h4 Ba3 32. Kc6 Bb4 33. hxg5+ Kxg5 34. Re5+ Kf6 35. Rxd5 1-0

[Event "Krakow op-A 33rd"]
[Site "Krakow"]
[Date "2022.12.30"]
[Round "4"]
[White "Bus, Konrad"]
[Black "Bombek, Peter"]
[Result "1-0"]
[WhiteElo "2218"]
[BlackElo "2131"]
[PlyCount "95"]
[EventDate "2022.12.27"]
[EventType "swiss"]
[EventRounds "9"]
[EventCountry "POL"]
[SourceTitle "CBM 212 Extra"]
[Source "ChessBase"]
[SourceDate "2023.03.31"]
[SourceVersion "1"]
[SourceVersionDate "2023.03.31"]
[SourceQuality "1"]

1. d4 d5 2. c4 e6 3. Nf3 Nf6 4. g3 dxc4 5. Bg2 c5 6. 0-0 Nc6 7. dxc5 Qxd1 8. Rxd1 Bxc5 9. Nbd2 c3 10. bxc3 0-0 11. Nb3 Be7 12. Nfd4 Rd8 13. Bg5 Bd7 14. Bxf6 Bxf6 15. Nc5 Nxd4 16. cxd4 Bc6 17. Bxc6 bxc6 18. e3 e5 19. dxe5 Bxe5 20. Rac1 Bb2 21. Rxd8+ Rxd8 22. Rc2 Ba3 23. Nb7 Rd7 24. Na5 c5 25. Nc4 Rd1+ 26. Kg2 Bc1 27. Kf3 g6 28. Ke2 Rh1 29. a4 Kg7 30. Ra2 g5 31. Ra1 f5 32. Nd2 c4 33. Nxc4 f4 34. exf4 gxf4 35. Nd2 Rxh2 36. Nf1 Bb2 37. Rb1 fxg3 38. Nxh2 gxh2 39. Kf3 Kg6 40. Rh1 Be5 41. Ke4 Bc7 42. f4 h6 43. Rxh2 Bb6 44. f5+ Kg5 45. Rg2+ Kh4 46. f6 h5 47. f7 Bc5 48. Rg8 1-0

[Event "SVK-chT 2223"]
[Site "Slovakia"]
[Date "2022.12.10"]
[Round "3.5"]
[White "Halak, Miklos"]
[Black "Bombek, Peter"]
[Result "1-0"]
[WhiteElo "2261"]
[BlackElo "2131"]
[PlyCount "69"]
[EventDate "2022.10.22"]
[EventType "team-tourn"]
[EventRounds "11"]
[EventCountry "SVK"]
[SourceTitle "EXT 2024"]
[Source "ChessBase"]
[SourceDate "2023.10.10"]
[SourceVersion "1"]
[SourceVersionDate "2023.10.10"]
[SourceQuality "1"]
[WhiteTeam "Cebovce"]
[BlackTeam "Dubnica nad Vahom"]
[WhiteTeamCountry "SVK"]
[BlackTeamCountry "SVK"]

1. d4 d5 2. Nc3 Nf6 3. Bf4 c5 4. e4 Nxe4 5. Nxe4 dxe4 6. dxc5 Qa5+ 7. c3 Qxc5 8. Qa4+ Bd7 9. Qxe4 Nc6 10. Nf3 0-0-0 11. Bc4 f5 12. Qe2 e5 13. b4 Qb6 14. Bg5 Re8 15. Bf7 Bd6 16. Bxe8 Rxe8 17. Be3 Qc7 18. Nd2 f4 19. Bc5 Bxc5 20. bxc5 Nd4 21. cxd4 exd4 22. Ne4 Qa5+ 23. Kf1 Kb8 24. Kg1 d3 25. Qxd3 Bb5 26. Qd2 Qa4 27. f3 a6 28. h3 g5 29. Nc3 Qa5 30. Qd6+ Ka8 31. Nxb5 axb5 32. Kh2 Re2 33. c6 Rd2 34. cxb7+ Kxb7 35. Qe7+ 1-0

[Event "SVK-chT2B 2223"]
[Site "Slovakia"]
[Date "2022.11.27"]
[Round "6.2"]
[White "Bombek, Peter"]
[Black "Zvardon, Petr"]
[Result "1/2-1/2"]
[WhiteElo "2131"]
[BlackElo "2056"]
[PlyCount "28"]
[EventDate "2022.10.08"]
[EventType "team-tourn"]
[EventRounds "11"]
[EventCountry "SVK"]
[SourceTitle "EXT 2024"]
[Source "ChessBase"]
[SourceDate "2023.10.10"]
[SourceVersion "1"]
[SourceVersionDate "2023.10.10"]
[SourceQuality "1"]
[WhiteTeam "Belusa"]
[BlackTeam "Nemsova Horne Srnie"]
[WhiteTeamCountry "SVK"]
[BlackTeamCountry "SVK"]

1. e4 e6 2. d4 d5 3. Bd3 dxe4 4. Bxe4 Nf6 5. Bf3 Be7 6. Ne2 0-0 7. 0-0 Nbd7 8. Bf4 c5 9. c4 cxd4 10. Qxd4 Bc5 11. Qc3 Qe7 12. g3 e5 13. Be3 a5 14. Nd2 Ra6 1/2-1/2

[Event "SVK-chT2B 2223"]
[Site "Slovakia"]
[Date "2022.11.26"]
[Round "5.3"]
[White "Zdrazil, Patrik"]
[Black "Bombek, Peter"]
[Result "1/2-1/2"]
[WhiteElo "1983"]
[BlackElo "2131"]
[PlyCount "54"]
[EventDate "2022.10.08"]
[EventType "team-tourn"]
[EventRounds "11"]
[EventCountry "SVK"]
[SourceTitle "EXT 2024"]
[Source "ChessBase"]
[SourceDate "2023.10.10"]
[SourceVersion "1"]
[SourceVersionDate "2023.10.10"]
[SourceQuality "1"]
[WhiteTeam "Povazske Podhradie"]
[BlackTeam "Belusa"]
[WhiteTeamCountry "SVK"]
[BlackTeamCountry "SVK"]

1. e4 e6 2. d4 d5 3. Nc3 Nf6 4. e5 Nfd7 5. f4 c5 6. Nf3 Nc6 7. Be3 Be7 8. a3 a6 9. dxc5 Bxc5 10. Bxc5 Nxc5 11. b4 Nd7 12. Bd3 Qb6 13. Qd2 f6 14. exf6 Nxf6 15. 0-0-0 Bd7 16. Ng5 0-0 17. Na4 Qc7 18. Nc5 Nd8 19. Rhe1 a5 20. Ngxe6 Bxe6 21. Nxe6 Nxe6 22. Rxe6 axb4 23. Qxb4 Ne4 24. Bxe4 Qxf4+ 25. Kb1 dxe4 26. Rxe4 Qxh2 27. Rde1 Qg3 1/2-1/2

[Event "SVK-chT 2223"]
[Site "Slovakia"]
[Date "2022.10.22"]
[Round "1.2"]
[White "Bombek, Peter"]
[Black "Federic, Jozef"]
[Result "1-0"]
[WhiteElo "2092"]
[BlackElo "2208"]
[PlyCount "111"]
[EventDate "2022.10.22"]
[EventType "team-tourn"]
[EventRounds "11"]
[EventCountry "SVK"]
[SourceTitle "EXT 2024"]
[Source "ChessBase"]
[SourceDate "2023.10.10"]
[SourceVersion "1"]
[SourceVersionDate "2023.10.10"]
[SourceQuality "1"]
[WhiteTeam "Dubnica nad Vahom"]
[BlackTeam "Modra"]
[WhiteTeamCountry "SVK"]
[BlackTeamCountry "SVK"]

1. e4 c5 2. c3 Nf6 3. e5 Nd5 4. Nf3 e6 5. d4 cxd4 6. cxd4 b6 7. Bd2 Be7 8. Nc3 Nxc3 9. Bxc3 d5 10. Bd3 0-0 11. Qe2 a5 12. a4 Ba6 13. Bb5 Qc8 14. 0-0 Bxb5 15. axb5 Ra7 16. Rfc1 Rc7 17. Bd2 Rxc1+ 18. Rxc1 Qd7 19. h4 Rc8 20. Rxc8+ Qxc8 21. Qd3 Nd7 22. h5 h6 23. g4 Nf8 24. Kg2 Nh7 25. b3 Ng5 26. Nxg5 hxg5 27. Qc3 Qxc3 28. Bxc3 Kh7 29. Kg3 g6 30. hxg6+ Kxg6 31. Kf3 f6 32. exf6 Kxf6 33. Ke3 Bd6 34. Kd3 Bf4 35. f3 Ke7 36. Bb2 Kd7 37. Ba3 e5 38. dxe5 Ke6 39. Bb2 Bxe5 40. Bc1 Bf6 41. Be3 Bd8 42. f4 gxf4 43. Bxf4 Be7 44. Be3 Kd6 45. Bxb6 Bf6 46. Bxa5 Kc5 47. b6 Be5 48. g5 d4 49. Ke4 Kd6 50. b7 Ke6 51. Bb6 d3 52. Kxd3 Bb8 53. Ke4 Ke7 54. Kf5 Kf7 55. Bd4 Kf8 56. Be5 1-0

[Event "Bratislava Slovakia op"]
[Site "Bratislava"]
[Date "2022.10.01"]
[Round "4"]
[White "Balint, Peter1111"]
[Black "Bombek, Peter"]
[Result "1/2-1/2"]
[WhiteElo "2219"]
[BlackElo "2092"]
[PlyCount "187"]
[EventDate "2022.09.30"]
[EventType "swiss (rapid)"]
[EventRounds "9"]
[EventCountry "SVK"]
[SourceTitle "CBM 210 Extra"]
[Source "ChessBase"]
[SourceDate "2022.11.30"]
[SourceVersion "1"]
[SourceVersionDate "2022.11.30"]
[SourceQuality "1"]

1. e4 e6 2. d4 d5 3. Nc3 Nf6 4. e5 Nfd7 5. f4 c5 6. Nf3 Nc6 7. Be3 Be7 8. Qd2 a6 9. dxc5 Nxc5 10. 0-0-0 b5 11. Bd3 Qc7 12. Kb1 Bd7 13. g4 Na5 14. Qg2 Na4 15. Ne2 Nc4 16. Bc1 Nc5 17. Nfd4 g6 18. h4 0-0-0 19. g5 Qb6 20. h5 Kb8 21. hxg6 hxg6 22. Rxh8 Rxh8 23. Rh1 Rxh1 24. Qxh1 Qd8 25. Qh7 Qe8 26. Ng3 Kc7 27. Be2 Nb7 28. Bd3 Nca5 29. Bd2 Nc6 30. Nge2 Bc5 31. c3 Kb6 32. Be3 Kc7 33. Bc2 Bb6 34. Qg7 Nc5 35. a3 Nxd4 36. Nxd4 Ne4 37. Qh7 Qf8 38. Bxe4 dxe4 39. Qh1 Bxd4 40. Bxd4 Bc6 41. Qg1 Kb7 42. Bc5 Qd8 43. Bd6 Qb6 44. Bc5 Qd8 45. Bd4 Qd5 46. Ba7 Ka8 47. Bd4 Qc4 48. Qe3 Bd5 49. Kc2 Qb3+ 50. Kc1 Qc4 51. Kc2 Qf1 52. Qd2 Ba2 53. c4 Qxc4+ 54. Bc3 Bb3+ 55. Kc1 Qf1+ 56. Qe1 Qxf4+ 57. Qd2 Qf1+ 58. Qe1 Qd3 59. Qd2 Kb7 60. Qxd3 exd3 61. Kd2 Bc4 62. Ke3 Kc6 63. Bd4 Kd5 64. Bc3 Kc5 65. Bd4+ Kc6 66. Bc3 Kd5 67. Kf4 Bb3 68. Ke3 Bc2 69. Kf4 Kc4 70. Ke3 Kb3 71. Kd2 a5 72. Bxa5 Kxb2 73. Bb4 Kb3 74. Be7 Kc4 75. Ke3 Bd1 76. Bb4 Bg4 77. Bd2 Bf5 78. Bb4 Bh3 79. Be7 Kd5 80. Bf6 Bf5 81. Bg7 Kc4 82. Bf8 Bg4 83. Be7 Bd1 84. Bf8 Bc2 85. Be7 Bb1 86. Bf8 Kc3 87. Bb4+ Kb3 88. Be7 Kc2 89. Bb4 Ba2 90. Bd2 Bd5 91. Bb4 Bc4 92. Bd2 Kb3 93. Bb4 d2 94. Kxd2 1/2-1/2

[Event "Bratislava Slovakia op"]
[Site "Bratislava"]
[Date "2022.10.01"]
[Round "7"]
[White "Bombek, Peter"]
[Black "Pasti, Zsombor"]
[Result "1/2-1/2"]
[WhiteElo "2092"]
[BlackElo "1884"]
[PlyCount "78"]
[EventDate "2022.09.30"]
[EventType "swiss (rapid)"]
[EventRounds "9"]
[EventCountry "SVK"]
[SourceTitle "CBM 210 Extra"]
[Source "ChessBase"]
[SourceDate "2022.11.30"]
[SourceVersion "1"]
[SourceVersionDate "2022.11.30"]
[SourceQuality "1"]

1. d4 d5 2. c4 e6 3. Nc3 Nf6 4. cxd5 exd5 5. Bg5 Be7 6. e3 c6 7. Bd3 Be6 8. Qc2 Nbd7 9. Nf3 0-0 10. 0-0 h6 11. Bh4 Bg4 12. Bxf6 Bxf6 13. b4 Qb6 14. Rab1 a6 15. a4 Rac8 16. Qb3 a5 17. b5 Qc7 18. Rfc1 Qd6 19. Rb2 Be6 20. bxc6 bxc6 21. Rcb1 Rb8 22. Qa2 Rxb2 23. Rxb2 Rb8 24. Rxb8+ Qxb8 25. Qa3 Qb4 26. Qxb4 axb4 27. Nb1 c5 28. dxc5 Nxc5 29. Bb5 Bf5 30. Nfd2 Bd8 31. Bc6 Ba5 32. f3 b3 33. Bxd5 Bd3 34. Kf2 b2 35. Ba2 Nxa4 36. Nc4 Nc3 37. Nxc3 Bxc3 38. Na3 Kf8 39. Bb1 Bxb1 1/2-1/2

[Event "Bratislava Slovakia op"]
[Site "Bratislava"]
[Date "2022.09.30"]
[Round "3"]
[White "Bombek, Peter"]
[Black "Rosol, Philip"]
[Result "1/2-1/2"]
[WhiteElo "2092"]
[BlackElo "1885"]
[PlyCount "121"]
[EventDate "2022.09.30"]
[EventType "swiss (rapid)"]
[EventRounds "9"]
[EventCountry "SVK"]
[SourceTitle "CBM 210 Extra"]
[Source "ChessBase"]
[SourceDate "2022.11.30"]
[SourceVersion "1"]
[SourceVersionDate "2022.11.30"]
[SourceQuality "1"]

1. d4 Nf6 2. Bg5 Ne4 3. Bf4 c5 4. f3 Nf6 5. dxc5 Qa5+ 6. Nc3 Nc6 7. e4 e5 8. Be3 Bxc5 9. Bxc5 Qxc5 10. Qd2 a6 11. 0-0-0 b5 12. Kb1 Bb7 13. g4 h6 14. h4 0-0-0 15. Bh3 b4 16. Na4 Qb5 17. b3 Nd4 18. Rh2 Kb8 19. Bf1 Qa5 20. g5 Nh5 21. a3 d5 22. Qxb4 Qxb4 23. axb4 dxe4 24. fxe4 Ng3 25. gxh6 Rxh6 26. Kb2 Bxe4 27. Bc4 f5 28. Nc5 Bb7 29. c3 Nc6 30. Rxd8+ Nxd8 31. Rd2 Nc6 32. Rd7 Bc8 33. Rxg7 f4 34. Bd5 Nf5 35. Rf7 Nfe7 36. Be4 Rxh4 37. Nf3 Rh6 38. Nxe5 Nxe5 39. Rxe7 Ng4 40. Rf7 Rf6 41. Rxf6 Nxf6 42. Bd3 f3 43. Nxa6+ Bxa6 44. Bxa6 f2 45. Kc2 Ne4 46. Bd3 Ng3 47. c4 f1Q 48. Bxf1 Nxf1 49. Kd3 Kc7 50. Kd4 Nd2 51. c5 Nxb3+ 52. Kc4 Nd2+ 53. Kd5 Nb1 54. b5 Nc3+ 55. Kc4 Nxb5 56. Kxb5 Kb7 57. c6+ Kc7 58. Kc5 Kc8 59. Kb6 Kb8 60. c7+ Kc8 61. Kc6 1/2-1/2

[Event "Skalica op-A"]
[Site "Skalica"]
[Date "2022.08.27"]
[Round "8"]
[White "Babula, Vlastimil1111"]
[Black "Bombek, Peter"]
[Result "1-0"]
[WhiteElo "2245"]
[BlackElo "2091"]
[PlyCount "29"]
[EventDate "2022.08.20"]
[EventType "swiss"]
[EventRounds "9"]
[EventCountry "SVK"]
[SourceTitle "CBM 209 Extra"]
[Source "ChessBase"]
[SourceDate "2022.09.30"]
[SourceVersion "1"]
[SourceVersionDate "2022.09.30"]
[SourceQuality "1"]

1. e4 c6 2. d4 d5 3. e5 c5 4. dxc5 e6 5. a3 a5 6. Qg4 Qc7 7. Nf3 Ne7 8. Nc3 h5 9. Nb5 Qxc5 10. Qa4 Bd7 11. Be3 Qc6 12. Nfd4 Qa6 13. Nc7+ Kd8 14. Ndb5 Qc6 15. Nxa8 1-0

[Event "SVK-chT 2122"]
[Site "Slovakia"]
[Date "2022.06.11"]
[Round "10.7"]
[White "Bombek, Peter"]
[Black "Teglas, Balazs"]
[Result "1-0"]
[WhiteElo "2099"]
[BlackElo "2153"]
[PlyCount "81"]
[EventDate "2021.10.23"]
[EventType "team-tourn"]
[EventRounds "11"]
[EventCountry "SVK"]
[SourceTitle "EXT 2023"]
[Source "ChessBase"]
[SourceDate "2022.10.05"]
[SourceVersion "1"]
[SourceVersionDate "2022.10.05"]
[SourceQuality "1"]
[WhiteTeam "Dubnica nad Vahom"]
[BlackTeam "Cebovce"]
[WhiteTeamCountry "SVK"]
[BlackTeamCountry "SVK"]

1. Nf3 Nf6 2. d4 c5 3. e3 g6 4. b3 Bg7 5. Bb2 0-0 6. Bd3 b6 7. 0-0 Bb7 8. c4 cxd4 9. exd4 d5 10. Nbd2 Ne4 11. cxd5 Nxd2 12. Qxd2 Bxd5 13. Qe3 Nc6 14. Be4 Qd6 15. Rfd1 Rfd8 16. h3 e6 17. Rac1 Ne7 18. Nd2 Nf5 19. Bxf5 exf5 20. Nc4 Qd7 21. Qf4 Rac8 22. Ne5 Qb7 23. Qg3 f4 24. Qxf4 Bxg2 25. Qxf7+ Qxf7 26. Nxf7 Kxf7 27. Kxg2 Bh6 28. Rc3 Rxc3 29. Bxc3 Rc8 30. Rd3 Ke6 31. d5+ Kd7 32. Be5 Re8 33. Bg3 Re2 34. Rc3 Rxa2 35. Rc7+ Kd8 36. Rxh7 Bc1 37. d6 g5 38. h4 a5 39. h5 b5 40. Rb7 a4 41. bxa4 1-0

[Event "SVK-chT1W 2122"]
[Site "Slovakia"]
[Date "2022.04.23"]
[Round "8.3"]
[White "Bombek, Peter"]
[Black "Borhy, Marcell Boldizsar"]
[Result "0-1"]
[WhiteElo "2078"]
[BlackElo "2396"]
[PlyCount "48"]
[EventDate "2021.11.06"]
[EventType "team-tourn"]
[EventRounds "11"]
[EventCountry "SVK"]
[SourceTitle "EXT 2023"]
[Source "ChessBase"]
[SourceDate "2022.10.05"]
[SourceVersion "1"]
[SourceVersionDate "2022.10.05"]
[SourceQuality "1"]
[WhiteTeam "Dubnica nad Vahom II"]
[BlackTeam "Gabcikovo MSK"]
[WhiteTeamCountry "SVK"]
[BlackTeamCountry "SVK"]

1. d4 d5 2. c4 e6 3. Nc3 Bb4 4. cxd5 exd5 5. Nf3 Nf6 6. Bf4 Ne4 7. Qb3 c5 8. dxc5 Nc6 9. e3 Qa5 10. Rc1 Nxc5 11. Qxd5 Be6 12. Qg5 Qxa2 13. Bb5 Ne4 14. 0-0 Bxc3 15. Qh5 Qxb2 16. Nd4 Bxd4 17. exd4 0-0 18. Bxc6 bxc6 19. Qe5 Nc3 20. Bh6 Ne2+ 21. Kh1 gxh6 22. Rxc6 Rfe8 23. Qh5 Nf4 24. Qxh6 Qxd4 0-1

[Event "SVK-chT2B 2122"]
[Site "Slovakia"]
[Date "2022.03.26"]
[Round "8.1"]
[White "Skreno, Vladimir"]
[Black "Bombek, Peter"]
[Result "1/2-1/2"]
[WhiteElo "2101"]
[BlackElo "2078"]
[PlyCount "130"]
[EventDate "2021.10.16"]
[EventType "team-tourn"]
[EventRounds "11"]
[EventCountry "SVK"]
[SourceTitle "EXT 2023"]
[Source "ChessBase"]
[SourceDate "2022.10.05"]
[SourceVersion "1"]
[SourceVersionDate "2022.10.05"]
[SourceQuality "1"]
[WhiteTeam "Tlmace"]
[BlackTeam "Belusa"]
[WhiteTeamCountry "SVK"]
[BlackTeamCountry "SVK"]

1. d4 d5 2. Nf3 Nf6 3. c4 e6 4. Bg5 dxc4 5. Qa4+ Nbd7 6. Qxc4 a6 7. Nbd2 c5 8. dxc5 Bxc5 9. e3 b5 10. Qc2 Bb7 11. a4 bxa4 12. Qxa4 0-0 13. Be2 h6 14. Bxf6 Nxf6 15. 0-0 Qe7 16. Nc4 Rab8 17. Nfe5 Rfc8 18. Na5 Qc7 19. Nxb7 Qxe5 20. Nxc5 Qxc5 21. Bxa6 Rb4 22. Qxb4 Qxb4 23. Bxc8 Qxb2 24. Rab1 Qa2 25. Bb7 g5 26. h3 Kg7 27. Bf3 h5 28. Rb4 Kh6 29. Rd1 Qa3 30. Rb7 Kg6 31. g3 Qc3 32. Rdb1 g4 33. hxg4 hxg4 34. Bg2 Nh7 35. R7b4 f5 36. e4 Ng5 37. exf5+ exf5 38. Rf4 Qc5 39. Ra1 Kf6 40. Ra6+ Kg7 41. Rc6 Qe5 42. Rc1 Ne6 43. Ra4 Nd4 44. Rb1 f4 45. Ra6 Nb5 46. gxf4 Qf5 47. Re1 Qc5 48. Re5 Qc1+ 49. Bf1 Nd4 50. Re7+ Kf8 51. Rb7 Ne2+ 52. Kg2 Nxf4+ 53. Kh2 g3+ 54. Kxg3 Nh5+ 55. Kg4 Qc8+ 56. Kxh5 Qxb7 57. Kg4 Qd7+ 58. Kg3 Qg7+ 59. Kh2 Qe5+ 60. Kg1 Qg5+ 61. Bg2 Qc1+ 62. Kh2 Qf4+ 63. Kg1 Qc1+ 64. Bf1 Qg5+ 65. Kh2 Qf4+ 1/2-1/2

[Event "SVK-chT1W 2122"]
[Site "Slovakia"]
[Date "2022.03.19"]
[Round "5.3"]
[White "Mikusik, Marian"]
[Black "Bombek, Peter"]
[Result "1/2-1/2"]
[WhiteElo "2025"]
[BlackElo "2078"]
[PlyCount "77"]
[EventDate "2021.11.06"]
[EventType "team-tourn"]
[EventRounds "11"]
[EventCountry "SVK"]
[SourceTitle "EXT 2023"]
[Source "ChessBase"]
[SourceDate "2022.10.05"]
[SourceVersion "1"]
[SourceVersionDate "2022.10.05"]
[SourceQuality "1"]
[WhiteTeam "Povazska Bystrica"]
[BlackTeam "Dubnica nad Vahom II"]
[WhiteTeamCountry "SVK"]
[BlackTeamCountry "SVK"]

1. c4 e6 2. g3 d5 3. Bg2 Nf6 4. Nf3 Be7 5. 0-0 0-0 6. d4 dxc4 7. Na3 c5 8. dxc5 Bxc5 9. Nxc4 Nc6 10. Be3 Bxe3 11. Nxe3 Bd7 12. Qb3 Qe7 13. Nc4 Rab8 14. Nfe5 Rfd8 15. Nxc6 Bxc6 16. Bxc6 bxc6 17. Qf3 Rd5 18. Rac1 Rbd8 19. Rc2 h6 20. Ne3 Ra5 21. a3 c5 22. Rfc1 Nd5 23. Nc4 Rb5 24. Ne5 Qf6 25. Nd3 Qxf3 26. exf3 Rb3 27. Nxc5 Rxf3 28. Kg2 Rf5 29. Ne4 Re5 30. Rc8 Rxc8 31. Rxc8+ Kh7 32. Nc3 Nxc3 33. Rxc3 Re2 34. Rc7 Rxb2 35. Rxf7 a5 36. Ra7 Rb5 37. Ra6 e5 38. a4 Rd5 39. Kf3 1/2-1/2